Statistics for Football Club Logos: Part 2

Click here to take the quiz!

General Stats

  • This quiz has been taken 1,292 times
  • The average score is 12 of 15

Answer Stats

Answer% Correct
AC Milan
97%
Borussia Dortmund
96%
Inter Milan
96%
Wolverhampton Wanderers
92%
SSC Napoli
91%
Galatasaray
85%
Real Betis
85%
Dynamo Kyiv
81%
Schalke
80%
Olympique de Marseille
78%
Zenit St. Petersburg
77%
Besiktas
71%
Borussia Monchengladbach
66%
Boca Juniors
64%
River Plate
61%

Score Distribution

Percentile by Number Answered

Percent of People with Each Score

Your Score History

You have not taken this quiz